Focus (Record no. 83193)
[ view plain ]
| 000 -LEADER | |
|---|---|
| fixed length control field | 00875cab a22002295a 4500 |
| 001 - CONTROL NUMBER | |
| control field | L153111 |
| 008 - FIXED-LENGTH DATA ELEMENTS--GENERAL INFORMATION | |
| fixed length control field | 110608e20110604xxk 000 0 eng d |
| 035 ## - SYSTEM CONTROL NUMBER | |
| System control number | (Sirsi) u153111 |
| 041 0# - LANGUAGE CODE | |
| Language code of text/sound track or separate title | eng |
| 100 1# - MAIN ENTRY--PERSONAL NAME | |
| Personal name | Lewis, Mark |
| 245 00 - TITLE STATEMENT | |
| Title | Focus |
| Remainder of title | South Yorkshire |
| 260 ## - PUBLICATION, DISTRIBUTION, ETC. | |
| Date of publication, distribution, etc. | 2011 |
| 490 ## - SERIES STATEMENT | |
| Series statement | Estates Gazette |
| Volume/sequential designation | (1122) 4 June 2011, 81-93(11) |
| 520 ## - SUMMARY, ETC. | |
| Summary, etc. | Office market in Sheffield, Rotherham, Barnsley and Doncaster. Plans to extend Meadowhall shopping centre. Sheffield City Region Local Enterprise Partnership is looking for sites for its enterprise zone. Industrial take up remains sluggish. Office, industiral etails, take up, availability and rents. |
| 590 ## - LOCAL NOTE (RLIN) | |
| Local note | KA |
| 651 #4 - SUBJECT ADDED ENTRY--GEOGRAPHIC NAME | |
| Geographic name | Yorkshire |
| Chronological subdivision | 1888- |
| 690 ## - LOCAL SUBJECT ADDED ENTRY--TOPICAL TERM (OCLC, RLIN) | |
| Topical term or geographic name as entry element | PROPERTY-COMMERCIAL PROPERTY-COMMERCIAL PROPERTY MARKET |
| 700 1# - ADDED ENTRY--PERSONAL NAME | |
| Personal name | Thame, David |
| 700 1# - ADDED ENTRY--PERSONAL NAME | |
| Personal name | Day, Karen |
| 700 1# - ADDED ENTRY--PERSONAL NAME | |
| Personal name | Jack, Simon |
| 942 ## - ADDED ENTRY ELEMENTS (KOHA) | |
| Suppress in OPAC | 0 |
| Withdrawn status | Lost status | Source of classification or shelving scheme | Damaged status | Not for loan | Home library | Current library | Shelving location | Date acquired | Total Checkouts | Full call number | Barcode | Date last seen | Copy number | Price effective from | Koha item type |
|---|---|---|---|---|---|---|---|---|---|---|---|---|---|---|---|
| Dewey Decimal Classification | London | London | Journal article | 08/06/2011 | L153111 | 153111-1001 | 06/08/2019 | 1 | 06/08/2019 | Journal article |